Представление документа в формате RUSMARC

ПолеНазваниеЗначение
  Тип записи i
  Библиографический уровень m
001 Контрольный номер LIBNET\0000641398
005 Дата корректировки 20201206205112.4
010 Индекс ISBN __
d Цена 350-46
100 Данные общей обработки __
a Данные общей обработки 19171129d2015#|||||| 0rusy0189 ca
101 Язык документа 1_
a Язык текста rus
c Язык оригинала nnn
102 Страна публикации __
a Страна публикации ru
105 Кодированные данные (монография) __
a Кодированные данные (монография) nn|||||||f|zy
127 Кодированные данные (звукозаписи-физические характеристики) __
a Продолжительность проигрывания 29 ч
200 Заглавие и сведения об ответственности 1_
a Заглавие 11/22/63
e Сведения, относящиеся к заглавию [аудиокнига]
f Первые сведения об ответственности Стивен Кинг ; [читает Валерий Смекалов ; перевод Вебер В. А.]
b Общее обозначение материала Звукозапись
210 Выходные данные __
a Место издания Москва
c Издательство Аудиокнига
c Издательство АСТ
d Дата издания 2015
215 Физическое описание __
a Объем 2 электрон. опт. диска (Audio CD)
c Иллюстрации/тип воспроизводства mp3
d Формат 12х14 см
225 Серия __
a Серия Аудиокнига
230 Специфическая характеристика материала: электронные ресурсы __
a Обозначение и объем ресурса Электронные звуковые данные
300 Общие примечания __
a Общие примечания Заглавие с этикетки диска
323 Примечание о главных создателях, исполнителях, участниках __
a Примечание о главных создателях, исполнителях, участниках Смекалов, В. (читает)
330 Аннотация __
a Аннотация Этот роман безоговорочно признают лучшей книгой Стивена Кинга и миллионы фанатов писателя, и серьезные литературные критики. ...Убийство президента Кеннеди стало самым трагическим событием американской истории ХХ века. Тайна его до сих пор не раскрыта. Но что, если случится чудо? Если появится возможность отправиться в прошлое и предотвратить катастрофу? Это предстоит выяснить обычному учителю из маленького городка Джейку Эппингу, получившему доступ к временному порталу. Его цель - спасти Кеннеди. Но какова будет цена спасения?
333 Примечание о целевом назначении __
a Примечание о целевом назначении 16+. Для детей старше 16 лет
337 Примечание о системных требованиях (электронные ресурсы) __
a Примечание о системных требованиях (электронные ресурсы) Системные требования: CD-плеер с поддержкой MP3, или Pentium-233 c Windows 9x-XP ; CD-ROM ; звуковая карта
517 Другие варианты заглавия __
a Другие варианты заглавия Одиннадцать/Двадцать два/Шестьдесят три
606 Тематические рубрики __
a Основная рубрика Художественная литература
606 Тематические рубрики __
a Основная рубрика Литература Америки (произведения)
y Географическая подрубрика США
610 Ключевые слова __
a Ключевые слова американская литература
a Ключевые слова зарубежная литература
a Ключевые слова иностранная литература
a Ключевые слова романы
a Ключевые слова тема истории
a Ключевые слова тема тайн
a Ключевые слова тема телепортации
a Ключевые слова тема убийств
a Ключевые слова фантастика
a Ключевые слова фантастические произведения
686 Индексы других классификаций __
2 Код системы rubbks
a Классификационный индекс 84(7Сое)6-445я04
700 Автор _1
a Фамилия Кинг
b Имя С.
f Даты 1947-
g Полное личное имя Стивен
4 Код отношения 070
702 Вторичная интеллектуальная ответственность _1
a Фамилия Вебер
b Имя В. А
4 Код отношения Переводчик
4 Код отношения 730
801 Источник записи _0
a Страна ru
b Организация Владимирская ОСБС
c Дата составления 20171129
g Правила каталогизации RCR
801 Источник записи _2
a Страна ru
b Организация Муниципальное бюджетное учреждение культуры "Централизованная библиотечная система" г. Сургут (Центральная городская библиотека им. А. С. Пушкина)
c Дата составления 20171129
852 Данные о местонахождении __
j Шифр хранения 84(7Сое)6-445я04
i Авторский знак К 41
901 Тип документа __
t Тип документа 0
a Ответственный КиК/Апакова
903 Характеристики (МАРС) __
a Дата передачи 20171129
969 Тип издания __
a Тип издания аудиокнига; издание для слепых
990 Данные о заказе (DOS) __
j Количество экземпляров (DOS) 2
t N записи в КСУ для И/У (DOS) 201801